• 首页
  • 本馆介绍
  • 公告通知
  • 最新文献
  • 馆藏检索
  • 电子资源
  • 读者导购
  • 参考咨询
  • 我的图书馆
  • 登录
  • 详细信息显示
  • 放入我的书架
  • 预约/预借图书
  • 作者相关作品
  • 分类相关作品
  • 丛书相关作品
  • 出版社相关作品

书目信息

  • 表格格式
  • 工作单格式
  • 卡片格式
题名:
中华人民共和国专利法条文释义
    
 
作者: 汤宗舜 著
分册:  
出版信息: 北京   法律出版社  1986
页数: 199页
开本: 19cm
丛书名:
单 册:
中图分类: D923.405
科图分类:
主题词: 知识产权--中国
电子资源:
ISBN:
000 00660nam0 2200229 45
001 0186020282
005 20050331110451.0
010    @dCNY0.90
091    @a6004.916
100    @a19900802d1986 em y0chiy0121 ea
101 0  @achi
102    @aCN@b110000
105    @ay n 000yy
200 10 @a中华人民共和国专利法条文释义@Azhong hua ren min gong he guo zhuan li fa tiao wen shi yi@f汤宗舜著@FTang Zong Shun Zhu
210    @a北京@c法律出版社@d1986
215    @a199页@d19cm
606 0  @a知识产权@x中国
690    @aD923.405@v3
701  0 @a汤宗舜@4著
801  0 @aCN@b深圳图书馆@c20050331
801  2 @aCN@bNLC@c20050331
905    @f1@b167245@dD923.405@e116
    
    中华人民共和国专利法条文释义/汤宗舜著.-北京:法律出版社,1986
    199页;19cm
    
    
    ISBN :CNY0.90
    
●
相关链接 在E读中查询图书 在五车中查询图书 在当当中查询图书 在豆瓣中查询图书


正题名:中华人民共和国专利法条文释义     索取号:D923.405/116         预约/预借

序号 登录号 条形码 馆藏地/架位号 状态 备注
1 0167245   002009604   第一借阅区/ [索取号:D923.405/116] 在馆    
2 0167246   001250862   第一样本阅览室/ [索取号:D923.405/116] 在馆    
唐山师范学院图书馆 欢迎您!
大连网信软件有限公司© 版权所有